[Event "VII Open"]
[Site "Figueira da Foz POR"]
[Date "2010.11.03"]
[Round "5.10"]
[White "Pinho,P"]
[Black "Diogo,V"]
[Result "1-0"]
[WhiteElo "2097"]
[BlackElo "2271"]

1.d4 d5 2.c4 c6 3.Nf3 Nf6 4.Nc3 a6 5.Ne5 dxc4 6.g3 b5 7.Bg2 Bb7 8.a4 Nd5
9.Ne4 e6 10.O-O Nd7 11.Nxf7 Kxf7 12.Ng5+ Ke7 13.e4 Nc7 14.Bf4 Nf6 15.Bh3 Bc8
16.axb5 cxb5 17.d5 e5 18.Bxe5 Bxh3 19.Bxc7 Qxc7 20.e5 Kd8 21.exf6 gxf6 22.d6 Bxd6
23.Nxh3 Kc8 24.Qf3 Ra7 25.Qxf6 Rf8 26.Qe6+ Qd7 27.Qe3 Re8 28.Qb6 Be5 29.Rxa6 Bd4
30.Qa5 Rxa6 31.Qxa6+ Qb7 32.Qa3 Qc6 33.Nf4 Kb7 34.Rd1 Bc5 35.Qc3 b4 36.Qc2 Qf3
37.Rf1 Re4 38.Qd2 Rd4 39.Qc2 Re4 40.Qd2 Kc8 41.Ra1 Bd4 42.Nh3 c3 43.bxc3 bxc3
44.Qa2 Qd3 45.Qf7 Kb8 46.Qb3+ Kc7 47.Rb1 Re7 48.Rd1 Qa6 49.Nf4 Rd7 50.Ne6+ Kc8
51.Rxd4 Rxd4 52.Nxd4 Qa1+ 53.Kg2 Qa8+ 54.f3 Qa1 55.Qe6+ Kb7 56.Qc6+ Kb8 57.Nb5 Qa5
58.Nxc3  1-0

[Event "14th OIBM"]
[Site "Bad Wiessee GER"]
[Date "2010.11.04"]
[Round "7.17"]
[White "Schneider,Il"]
[Black "Seyb,A"]
[Result "1-0"]
[WhiteElo "2519"]
[BlackElo "2294"]

1.Nf3 d5 2.d4 Nf6 3.c4 c6 4.Nc3 a6 5.a4 e6 6.g3 dxc4 7.Bg2 c5 8.dxc5 Qxd1+
9.Nxd1 Bd7 10.Ne5 Nc6 11.Nxc4 Bxc5 12.Be3 Bxe3 13.Ndxe3 Ke7 14.f4 Rhd8 15.Kf2 Be8
16.Rhc1 Rab8 17.Ra3 Rd4 18.Ke1 Ne4 19.Ng4 Nd6 20.Rac3 Nxc4 21.Rxc4 Rbd8 22.Bxc6 Bxc6
23.Ne5 Rxc4 24.Rxc4 Rc8 25.Rb4 Bh1 26.Kf2 Rc7 27.a5 f6 28.Nf3 Kd6 29.Rb6+ Kd5
30.Nd2 e5 31.Ke3 Re7 32.Kd3 exf4 33.gxf4 f5 34.Nc4 Re4 35.Ne3+ Kc5 36.Nc2 Rxf4
37.b4+ Kd5 38.Ne3+ Ke5 39.Nc4+ Rxc4 40.Kxc4 f4 41.b5 Bd5+ 42.Kc5 axb5 43.Rxb5 g5
44.Rb6 Be4 45.Kc4 g4 46.Rb5+ Kf6 47.Kd4 Bg2 48.e4 fxe3 49.Kxe3 Kg6 50.Kf4 Bf3
51.Rb6+ Kg7 52.Kg5 Kf7 53.Kh6 Kg8 54.Re6  1-0

[Event "Chigorin Mem Classic Open"]
[Site "St Petersburg RUS"]
[Date "2010.11.04"]
[Round "8"]
[White "Tarasova,Viktoriy"]
[Black "Skvortsov,Alexander"]
[Result "1/2-1/2"]
[WhiteElo "2298"]
[BlackElo "2099"]

1.d4 d5 2.c4 c6 3.Nf3 Nf6 4.Nc3 a6 5.a4 e6 6.g3 c5 7.cxd5 Nxd5 8.Bg2 Nc6
9.O-O Be7 10.Nxd5 exd5 11.dxc5 Bxc5 12.Bf4 O-O 13.Rc1 Be7 14.Ne5 Nxe5 15.Bxe5 Bf6
16.Bxf6 Qxf6 17.Bxd5 Bh3 18.Re1 Qxb2 19.Rb1 Qc3 20.Bxb7 Rad8 21.Qb3 Qe5 22.Qc4 Rd6
23.Rbc1 a5 24.Qc5 Qe7 25.Bf3 Qd8 26.e3 g6 27.Rcd1 Rxd1 28.Rxd1 Qf6 29.Bg2 Bg4
30.f3 Be6 31.Qxa5 Bb3 32.Rb1 Qe6 33.Qa7 Qc4 34.Qd4 Qxa4 35.Qxa4 Bxa4 36.e4 Rc8
37.Rb2 Rc1+ 38.Kf2 Rc2+ 39.Rxc2 Bxc2 40.Ke3 f6 41.Kd4 Kf7 42.Bf1 g5 43.Bc4+ Kg7
44.Kd5 Bd1 45.f4 gxf4 46.gxf4 Bf3 47.Kd4 Bg4 48.e5 fxe5+ 49.Kxe5 Bd7 50.Be6 Be8
51.f5 h6 52.h4 Bg6 53.f6+ Kf8 54.Bg4 Bh7 55.Bf5 Bg8 56.Bg6 Bc4 57.Kf4 Bb3
58.Be4 Be6 59.Ke5  1/2-1/2

[Event "VII Open"]
[Site "Figueira da Foz POR"]
[Date "2010.11.05"]
[Round "7.12"]
[White "Pinho,P"]
[Black "Padeiro,J"]
[Result "1/2-1/2"]
[WhiteElo "2097"]
[BlackElo "2259"]

1.d4 d5 2.c4 c6 3.Nf3 Nf6 4.Nc3 a6 5.g3 b5 6.b3 Bf5 7.Bg2 Ne4 8.Bd2 Nxc3
9.Bxc3 Be4 10.cxd5 cxd5 11.O-O e6 12.Bh3 Nd7 13.Ne1 h5 14.f3 Bg6 15.Nd3 Bd6
16.Be1 h4 17.g4 Qb8 18.Rf2 b4 19.Rc1 Qb5 20.Nb2 Ke7 21.Bf1 Qb6 22.e3 Rac8
23.Nd3 f5 24.Rxc8 Rxc8 25.gxf5 Bxf5 26.Rg2 Kf7 27.Bxh4 Rh8 28.Bg3 Bxg3 29.Rxg3 e5
30.Nf2 exd4 31.exd4 Qh6 32.Bh3 Bxh3 33.Nxh3 Qe3+ 34.Nf2 Nf8 35.Qd3 Qe1+ 36.Qf1 Qxf1+
37.Kxf1 Rxh2 38.Rg5 Rh4 39.Rxd5 Ne6 40.Ng4 Rh1+ 41.Kf2 Ra1 42.Ne5+ Kf6 43.Ra5 Nxd4
44.Nd7+ Ke7 45.Nc5 Kd6 46.Nd3 Nxb3 47.Rxa6+ Ke7 48.Nxb4 Nc5 49.Ra5 Kd6 50.Ra7 Rb1
51.a3 Rb3 52.Kg3 Ne4+ 53.Kg4 Nf2+ 54.Kg3 Ne4+ 55.Kg2 Nc5 56.Ra5 Ne6 57.Kg3 Rb1
58.Nc2 Rg1+ 59.Kf2 Rb1 60.Ne3 g6 61.Nc4+ Ke7 62.Ra6 Kf6 63.a4 Rb4 64.Nd6 Ke5
65.Ne4 Nd4 66.a5 Rb2+ 67.Kg3 Rb3 68.Nd2 Rd3 69.Nc4+ Kd5 70.Nb6+ Kc5 71.Nd7+ Kb5
72.Rxg6 Rxf3+ 73.Kg2 Kxa5  1/2-1/2

[Event "Chigorin Mem Classic Open"]
[Site "St Petersburg RUS"]
[Date "2010.11.05"]
[Round "9"]
[White "Slugin,S"]
[Black "Vakhlamov,I"]
[Result "1/2-1/2"]
[WhiteElo "2440"]
[BlackElo "2287"]

1.d4 d5 2.c4 c6 3.Nc3 Nf6 4.Nf3 a6 5.e3 b5 6.b3 Bg4 7.h3 Bxf3 8.Qxf3 e6 9.Qd1 Bb4
10.Bd2 O-O 11.Bd3 bxc4 12.bxc4 c5 13.dxc5 d4 14.Ne4 Bxd2+ 15.Qxd2 dxe3 16.Qxe3 Qa5+
17.Qd2 Qxd2+ 18.Kxd2 Nbd7 19.c6 Ne5 20.Nxf6+ gxf6 21.Be2 Rac8 22.f4 Nxc6
23.Kc3 e5 24.Rhe1 Nd4 25.Bf1 Rc5 26.Rab1 Ra5 27.Rb6 Kg7 28.a4 Rxa4 29.fxe5 fxe5
30.Rxe5 Ne6 31.Bd3 Rd8 32.Bc2 Ra3+ 33.Bb3 Ra1 34.Rd5 Rc8 35.Rd1 Ra5 36.Rd3 Rg5
37.g4 a5 38.Rf3 Nc5 39.Rf5 Rxf5 40.gxf5 Nxb3 41.Kxb3 a4+ 42.Kb4 Ra8 43.Ka3 Rc8
44.Rb4 Kf6 45.Rxa4 Kxf5 46.Kb4 Ke4 47.Ra7 f5 48.Rxh7 f4 49.c5 f3 50.Rf7 Ke3
51.Kb5 f2 52.c6 Ke2 53.h4 f1=Q 54.Rxf1 Kxf1 55.Kb6 Kg2 56.Kb7 Rh8 57.c7 Kf3  1/2-1/2

[Event "Chigorin Mem Classic Open"]
[Site "St Petersburg RUS"]
[Date "2010.11.05"]
[Round "9"]
[White "Nazaryev,S"]
[Black "Skvortsov,Alexander"]
[Result "1/2-1/2"]
[WhiteElo "2276"]
[BlackElo "2099"]

1.d4 Nf6 2.Nf3 d5 3.c4 c6 4.Nc3 a6 5.c5 g6 6.Bf4 Bg7 7.Qd2 Ne4 8.Nxe4 dxe4
9.Ne5 Be6 10.e3 O-O 11.h4 Nd7 12.Nxd7 Qxd7 13.Be2 Bd5 14.h5 a5 15.Qc2 Qe6
16.a4 Qf5 17.Qc3 g5 18.g4 Qf6 19.Bc7 h6 20.O-O-O Qe6 21.Rdg1 Rfc8 22.Bxa5 b6
23.Bb4 bxc5 24.Bxc5 Rxa4 25.Kd2 Qf6 26.Ra1 Rxa1 27.Rxa1 Qxf2 28.Qc1 e5 29.Qf1 Qxf1
30.Rxf1 Rb8 31.b4 Ra8 32.Rc1 exd4 33.exd4 Ra2+ 34.Rc2 e3+ 35.Kd3 Be4+ 36.Kxe4 Rxc2
37.Kxe3 Bf8 38.Bf3 Rc3+ 39.Ke2 Bxc5 40.bxc5 Kf8 41.Bxc6 Ke7 42.Be4 Ke6 43.Kf2 f6
44.Ke2 Kd7 45.Kf2 Ke6  1/2-1/2

[Event "TCh-NOR Attack-serien 2010-11"]
[Site "Oslo NOR"]
[Date "2010.11.06"]
[Round "2"]
[White "Hammer,J"]
[Black "Sahl,Bj"]
[Result "1-0"]
[WhiteElo "2647"]
[BlackElo "2359"]

1.d4 d5 2.c4 c6 3.Nf3 Nf6 4.Nc3 a6 5.e3 g6 6.Be2 Bg7 7.cxd5 cxd5 8.Ne5 O-O
9.Qb3 Ra7 10.O-O Be6 11.Nd3 Bc8 12.Nb4 e6 13.Bd2 Ne8 14.Rfd1 Nd6 15.Be1 Bh6
16.Nd3 Nc6 17.Ne5 Ne7 18.Na4 f6 19.Nd3 Nc4 20.Ndc5 b5 21.Nc3 Nc6 22.a4 N4a5
23.Qc2 b4 24.Na2 Qb6 25.b3 f5 26.f4 g5 27.g3 gxf4 28.gxf4 Rg7+ 29.Bg3 Nd8
30.Nd3 Nf7 31.Kh1 Nd6 32.Bh4 Nac4 33.Qc1 a5 34.Bf3 Na3 35.Rg1 Ne4 36.Be7 Re8
37.Bxe4 dxe4 38.Ne5 Qa6 39.Bf6 Qe2 40.Qc7  1-0

[Event "TCh-SUI 2010"]
[Site "Switzerland SUI"]
[Date "2010.11.06"]
[Round "8.7"]
[White "Toth,Be1"]
[Black "Gruenenwald,J"]
[Result "1-0"]
[WhiteElo "2358"]
[BlackElo "2336"]

1.d4 d5 2.c4 c6 3.Nf3 Nf6 4.Nc3 a6 5.c5 Bf5 6.Bf4 Nbd7 7.h3 h6 8.e3 e6 9.Be2 Be7
10.Nd2 Qc8 11.O-O O-O 12.b4 Bd8 13.Bd6 Re8 14.f4 Bc7 15.Bxc7 Qxc7 16.a4 b6
17.a5 b5 18.Bf3 Bd3 19.Rf2 Nh7 20.Be2 Bxe2 21.Qxe2 f5 22.g4 Nhf6 23.Rg2 Kh7
24.Kh1 g6 25.Rag1 Rg8 26.Nf3 Qd8 27.g5 Ne4 28.Nxe4 dxe4 29.Ne5 Nxe5 30.dxe5 Ra7
31.Rd1 Rd7 32.Rd6 Rxd6 33.cxd6 h5 34.Qc2 Qa8 35.Qc5 Kg7 36.Rc2 Rc8 37.d7  1-0

[Event "TCh-CZE 2010-11"]
[Site "Frydek Mistek CZE"]
[Date "2010.11.07"]
[Round "2.4"]
[White "Ivanov,MM"]
[Black "Jirka,J"]
[Result "1/2-1/2"]
[WhiteElo "2429"]
[BlackElo "2424"]

1.d4 d5 2.c4 c6 3.Nf3 Nf6 4.Nc3 a6 5.a4 e6 6.g3 dxc4 7.Bg2 c5 8.O-O cxd4
9.Nxd4 Bc5 10.Be3 Qe7 11.a5 O-O 12.Na4 Ba7 13.Nc2 Nc6 14.Bxa7 Nxa7 15.Nb6 Rb8
16.Ne3 Rd8 17.Qc2 Bd7 18.Nxd7 Rxd7 19.Qxc4 Rc8 20.Qa4 Nb5 21.Rfd1 Rdc7 22.Rd2 h6
23.Rad1 Ne8 24.h4 Ned6 25.Qb4 Rc1 26.b3 Rxd1+ 27.Rxd1 Qc7 28.Bf3 Qc5 29.Qf4 e5
30.Qg4 Nd4 31.Bd5 Rf8 32.Qd7 Nxe2+ 33.Kg2 Nd4 34.Qe7 N4b5 35.Qxe5 Qc3 36.Qe7 Qxa5
37.Bf3 Qd8 38.Qe5 Qe8 39.Qb2 Qe6 40.Bd5 Qe7 41.Bf3 Re8 42.Nd5 Qd8 43.Qd2 Re5
44.Qf4 Rf5 45.Qe3 Nc8 46.g4 Rxf3 47.Qxf3 Qxh4 48.Ne3 Ncd6 49.Nf5 Nxf5 50.Qxf5 g6
51.Qc8+ Kg7 52.Rd8 Qf6 53.Rg8+ Kh7 54.Qd8 Qc6+ 55.f3 Qc2+ 56.Kg3 Qc3 57.Re8 Qc1
58.Qe7 Qg1+ 59.Kh3 Qh1+ 60.Kg3  1/2-1/2

[Event "TCh-NOR Attack-serien 2010-11"]
[Site "Oslo NOR"]
[Date "2010.11.07"]
[Round "3"]
[White "Lahlum,H"]
[Black "Stenersen,G"]
[Result "0-1"]
[WhiteElo "2221"]
[BlackElo "2228"]

1.d4 d5 2.c4 c6 3.Nf3 Nf6 4.Nc3 a6 5.e3 Bf5 6.Be2 e6 7.O-O Bd6 8.Ne5 Nbd7
9.f4 Ne4 10.Nxe4 Bxe4 11.c5 Bc7 12.b4 O-O 13.Bb2 f6 14.Nxd7 Qxd7 15.Qd2 Qe7
16.a4 e5 17.b5 exf4 18.exf4 axb5 19.axb5 Rae8 20.Rae1 f5 21.Bh5 g6 22.Be2 Rf6
23.Bc3 Re6 24.b6 Bb8 25.Bd1 Qh4 26.g3 Qh3 27.Bc2 g5 28.Bxe4 Rxe4 29.Rxe4 Rxe4
30.fxg5 Bxg3 31.hxg3 Qxg3+ 32.Qg2 Qxc3 33.Rxf5 Qxd4+ 34.Qf2 Rg4+ 35.Kh2 Rh4+
36.Kg2 Qg4+ 37.Qg3 Qe4+ 38.Qf3 Qc2+ 39.Kf1 Qxc5 40.Qg3 Rh1+ 41.Ke2 Qc2+  0-1

[Event "TCh-SUI 2010"]
[Site "Switzerland SUI"]
[Date "2010.11.07"]
[Round "9.7"]
[White "Raeber,M"]
[Black "Fierz,M"]
[Result "0-1"]
[WhiteElo "2267"]
[BlackElo "2326"]

1.d4 d5 2.c4 c6 3.Nc3 Nf6 4.Nf3 a6 5.cxd5 cxd5 6.Bg5 Nc6 7.Ne5 Bf5 8.Nxc6 bxc6
9.Bxf6 gxf6 10.Qa4 Qd7 11.e3 e6 12.b4 Qb7 13.a3 Bd6 14.Rc1 O-O 15.Be2 e5
16.O-O exd4 17.exd4 Bf4 18.Rcd1 Rfe8 19.Bd3 Bg4 20.Rb1 Qb6 21.Qc2 Qxd4 22.Be2 Bd7
23.Rbd1 Qe5 24.g3 Bh6 25.Bf3 Qf5 26.Rd3 Re5 27.Na4 c5 28.Nxc5 Bb5 29.Kg2 Bf8
30.Rc1 Bxc5 31.Rxd5 Rxd5 32.Be4 Qe5 33.Re1 Kg7 34.bxc5 Rxc5  0-1

[Event "TCh-SWE Elitserien 2010-11"]
[Site "Sweden SWE"]
[Date "2010.11.13"]
[Round "4"]
[White "Janse,R"]
[Black "Bator,R"]
[Result "1/2-1/2"]
[WhiteElo "2178"]
[BlackElo "2413"]

1.d4 d5 2.c4 c6 3.Nf3 Nf6 4.Nc3 a6 5.c5 Bf5 6.Qb3 Ra7 7.Bf4 Nbd7 8.Nh4 Bg6
9.e3 e5 10.Bg3 Be7 11.Be2 O-O 12.Nxg6 hxg6 13.Qc2 e4 14.f3 exf3 15.gxf3 Nh5
16.Kf2 f5 17.Kg2 g5 18.f4 g4 19.h3 Nxg3 20.Kxg3 Bh4+ 21.Kg2 g3 22.Bd3 Qf6
23.Qe2 Raa8 24.Qf3 Rae8 25.Nxd5 cxd5 26.Qxd5+ Kh8 27.Qxd7 Rxe3 28.Rad1 Rd8
29.Qxf5 Re2+ 30.Kf3 Rf2+ 31.Kg4 Qh6 32.Qh7+ Qxh7 33.Bxh7 Kxh7 34.Kxh4 g2
35.Rhg1 Rxf4+ 36.Kg3 Rfxd4 37.Rxd4 Rxd4 38.Rxg2 Rc4  1/2-1/2

[Event "1st Open"]
[Site "Brno CZE"]
[Date "2010.11.14"]
[Round "1"]
[White "Hantak,A"]
[Black "Ingason,S"]
[Result "1-0"]
[WhiteElo "2200"]
[BlackElo "1887"]

1.d4 d5 2.c4 c6 3.Nf3 Nf6 4.Nc3 a6 5.e3 b5 6.cxd5 cxd5 7.Bd2 Bg4 8.h3 Bh5
9.Be2 e6 10.O-O Bd6 11.Rc1 Nbd7 12.Ne1 Bg6 13.Nd3 Qe7 14.Nf4 Bf5 15.Re1 h6
16.Bf3 Ne4 17.Nxe4 dxe4 18.Bg4 Nf6 19.Bxf5 exf5 20.Qb3 O-O 21.Ng6  1-0

[Event "XXIII Belgrade Trophy"]
[Site "Obrenovac SRB"]
[Date "2010.11.25"]
[Round "2.46"]
[White "Stamenkovic,A"]
[Black "Ingason,S"]
[Result "1-0"]
[WhiteElo "2271"]
[BlackElo "1887"]

1.d4 d5 2.c4 c6 3.Nf3 Nf6 4.Nc3 a6 5.c5 Nbd7 6.Bf4 Nh5 7.e3 Nxf4 8.exf4 Nf6
9.Bd3 Bg4 10.O-O g6 11.Be2 Bh6 12.Ng5 Bxe2 13.Qxe2 O-O 14.g3 Bxg5 15.fxg5 Nd7
16.f4 e5 17.fxe5 Qxg5 18.e6 Nb8 19.exf7+ Rxf7 20.Rxf7 Kxf7 21.Rf1+ Kg7 22.Qe8 Kh6
23.Rf4  1-0

[Event "TCh-SVK Extraliga 2010-11"]
[Site "Dunajov SVK"]
[Date "2010.11.27"]
[Round "1"]
[White "Antoniewski,R"]
[Black "Velicka,P"]
[Result "1-0"]
[WhiteElo "2604"]
[BlackElo "2490"]

1.Nf3 d5 2.d4 Nf6 3.c4 c6 4.Nc3 a6 5.c5 Nbd7 6.Bf4 Nh5 7.Bd2 Nhf6 8.Rc1 g6
9.h3 Bg7 10.Bf4 O-O 11.e3 b6 12.cxb6 Qxb6 13.Rc2 Bb7 14.Be2 c5 15.O-O Rac8
16.Na4 Qa5 17.Nxc5 Nxc5 18.dxc5 Rxc5 19.Rxc5 Qxc5 20.Qb3 Qa7 21.Qa3 e6 22.Rc1 Rc8
23.Rxc8+ Bxc8 24.Qa5 Ne8 25.b3 Bf6 26.Ne5 Qb7 27.Qa4 Kf8 28.Bh6+ Bg7 29.Bxg7+ Nxg7
30.Qf4 f5 31.Nd3 Ne8 32.Nc5 Qb6 33.Qd4 Kg8 34.Nxa6 Qxd4 35.exd4 Bxa6 36.Bxa6 Kf8
37.Bd3 Ke7 38.f4 Nf6 39.Kf2 Ne4+ 40.Ke3 h5 41.g4 Nc3 42.gxf5 exf5 43.a3 h4
44.b4 Kd6 45.Bc2 Kc7 46.Bd3 Kb6 47.Be2 Kc6 48.Kd3 Ne4 49.Kc2 g5 50.fxg5 Nxg5
51.Bf1 f4 52.a4 Nf3 53.Kd3 Ne1+ 54.Ke2 Nc2 55.b5+ Kb6 56.Kf3 Nxd4+ 57.Kxf4 Ne6+
58.Kg4 Nc5 59.Kxh4 Nxa4 60.Kg5 Kc5 61.h4 Kd6 62.Kf6 Nc5 63.h5 Ne4+ 64.Kg7 Ng3
65.h6 Nxf1 66.h7 Kc5 67.h8=Q Kxb5 68.Qe8+  1-0

[Event "XXIII Belgrade Trophy"]
[Site "Obrenovac SRB"]
[Date "2010.11.27"]
[Round "4.16"]
[White "Milanovic,Da"]
[Black "Skare,G"]
[Result "1-0"]
[WhiteElo "2521"]
[BlackElo "2304"]

1.d4 d5 2.c4 c6 3.Nc3 Nf6 4.Nf3 a6 5.a4 e6 6.Bg5 h6 7.Bh4 Nbd7 8.e3 Bb4 9.Qc2 g5
10.Bg3 Ne4 11.Nd2 Nxg3 12.hxg3 Qf6 13.Be2 a5 14.Rd1 Qg7 15.O-O O-O 16.e4 Qxd4
17.exd5 exd5 18.cxd5 Qg7 19.Nc4 Nf6 20.Nb6 Rb8 21.dxc6 bxc6 22.Nxc8 Rfxc8
23.Ba6 Re8 24.Ne2 Ne4 25.Bc4 Rb7 26.b3 Qf6 27.Rd3 Rbe7 28.Rf3 Qg7 29.Rd1 Bc5
30.Bd3 Ba7 31.Qxc6 Nxf2 32.Rxf2 Qb2 33.Rf1 Rxe2 34.Bxe2 Qxe2 35.Qxh6 Qe5
36.Qh5 Re7 37.Qf3 Kg7 38.Kh2 Bxf2 39.Rxf2 f6 40.Qf5  1-0

[Event "National Chess Congress"]
[Site "Philadelphia USA"]
[Date "2010.11.27"]
[Round "3"]
[White "Prilleltensky,M"]
[Black "Adu,O"]
[Result "1-0"]
[WhiteElo "2122"]
[BlackElo "2255"]

1.d4 d5 2.c4 c6 3.Nf3 Nf6 4.Nc3 a6 5.c5 Bf5 6.Bf4 Nbd7 7.e3 e6 8.Be2 Be7
9.Nd2 Bg6 10.b4 h6 11.O-O O-O 12.a4 Re8 13.Bg3 Qc8 14.f4 b6 15.a5 b5 16.Qe1 Qd8
17.Bh4 Bf5 18.h3 Kh8 19.g4 Bh7 20.Bg3 Ne4 21.Ndxe4 Bxe4 22.Nxe4 dxe4 23.f5 Bg5
24.Bd1 e5 25.Bb3 exd4 26.exd4 Nf6 27.Bd6 e3 28.Bxf7 e2 29.Rf3 Re4 30.Kh1 Nd5
31.Be5 Qe7 32.Bg6 Bh4 33.f6 Nxf6 34.Qxh4 Rxe5 35.dxe5 Qxe5 36.Re1 Rd8 37.Rxf6 Qxf6
38.Qxf6 gxf6 39.Rxe2  1-0

[Event "WY U-16 Olympiad"]
[Site "Burdur TUR"]
[Date "2010.11.28"]
[Round "2"]
[White "Hiti,D"]
[Black "Ziaziulkina,N"]
[Result "0-1"]
[WhiteElo "1952"]
[BlackElo "2293"]

1.d4 d5 2.c4 c6 3.Nf3 Nf6 4.Nc3 a6 5.c5 Nbd7 6.Bg5 g6 7.Bxf6 Nxf6 8.Ne5 Bg7
9.e3 O-O 10.f4 Ne8 11.Nf3 f6 12.h3 Nc7 13.Be2 e5 14.Qd2 Re8 15.O-O-O Ne6
16.g3 Qc7 17.Na4 Rb8 18.Nb6 Qe7 19.Qc3 Nc7 20.Rde1 Bf5 21.Nh4 Be4 22.Rhg1 Ne6
23.f5 gxf5 24.Bh5 Rf8 25.Ref1 Bh6 26.Kd1 Ng7 27.Bf3 Rbe8 28.Bxe4 fxe4 29.Nf5 Nxf5
30.Rxf5 exd4 31.Qxd4 Qg7 32.g4 Bg5 33.Ke2 Re5 34.Rf2 Bh4 35.Rf4 Rg5 36.Rgf1 Rg6
37.Rf5 Bg3 38.Nxd5 cxd5 39.Qxd5+ Qf7 40.Qxf7+ Rxf7 41.Rd5 Rg5 42.Rd8+ Kg7
43.b4 Bc7  0-1

[Event "60th ch-GRE"]
[Site "Vrahati GRE"]
[Date "2010.11.29"]
[Round "4.4"]
[White "Kapnisis,S"]
[Black "Mastrovasilis,D"]
[Result "0-1"]
[WhiteElo "2511"]
[BlackElo "2580"]

1.d4 d5 2.c4 c6 3.Nf3 Nf6 4.Nc3 a6 5.c5 Bf5 6.Bf4 Nbd7 7.e3 g6 8.h3 Bg7 9.Nd2 O-O
10.g4 Be6 11.Bg2 Ne8 12.O-O f5 13.Bg3 Bf7 14.Bh4 Nef6 15.f4 Ne4 16.Qc2 Bf6
17.Bxf6 exf6 18.Ncxe4 fxe4 19.b4 h5 20.Nb3 Kg7 21.Qf2 Rh8 22.Qg3 Qc7 23.Kf2 Rh7
24.Rh1 Be6 25.Raf1 h4 26.Qh2 f5 27.g5 b6 28.Rb1 bxc5 29.bxc5 a5 30.Qg1 Rhh8
31.Qe1 a4 32.Na1 Rhb8 33.Qc3 Nf8 34.Rb4 Rxb4 35.Qxb4 Rb8 36.Qd2 Bc8 37.Bf1 Rb1
38.Bg2 Rb8 39.Bf1 Ne6 40.Rg1 Rb1 41.Nc2 Qb8 42.Be2 Rb2 43.Qc3 Rxa2 44.Nb4 Nxf4  0-1

[Event "XXIII Belgrade Trophy"]
[Site "Obrenovac SRB"]
[Date "2010.12.01"]
[Round "8.33"]
[White "Nenezic,M"]
[Black "Zivkovic,Sava"]
[Result "0-1"]
[WhiteElo "2165"]
[BlackElo "2298"]

1.Nf3 d5 2.d4 Nf6 3.c4 c6 4.Nc3 a6 5.c5 Nbd7 6.Bf4 Nh5 7.e3 g6 8.Bd3 Bg7
9.h3 e5 10.Nxe5 Nxe5 11.Bxe5 Bxe5 12.dxe5 Qe7 13.Na4 Qxe5 14.O-O O-O 15.Be2 Ng7
16.Nb6 Rb8 17.Qd4 Qxd4 18.exd4 Ne6 19.Rfd1 Nf4 20.Bf1 Bf5 21.Kh2 g5 22.g3 Ng6
23.Na4 Bc2 24.Nc3 Bxd1 25.Rxd1 Rfe8 26.Bd3 Re6 27.Kg2 Rbe8 28.Kf1 h5 29.Ne2 h4
30.Ng1 hxg3 31.fxg3 Kg7 32.Nf3 f6 33.Kf2 a5 34.Rd2 Nf8 35.Rc2 Nd7 36.Bf5 R6e7
37.Bd3 Nb8 38.Rc3 Na6 39.a3 a4 40.Rc2 Re3 41.Rd2 R3e7 42.Bc2 Ra8 43.Bd3 Nc7
44.Ne1 Rh8 45.Bf5 Nb5 46.Nf3 b6 47.Kg2 bxc5 48.dxc5 Ra8 49.Bd3 Ra5 50.Bxb5 Rxb5
51.Nd4 Rxc5 52.Nf5+ Kf7 53.Nxe7 Kxe7 54.Kf3 f5 55.Rd4 Rb5 56.Rxa4 Rb3+ 57.Kf2 Rxb2+
58.Ke3 Rb3+ 59.Kf2 Kd6 60.h4 f4 61.hxg5 Rxg3 62.Rxf4 Rxg5 63.a4 Re5 64.a5 Kc5
65.Ra4 Kb5 66.Ra1 Re7 67.Kf3 c5 68.a6 Ra7 69.Rd1 Rxa6 70.Rxd5 Re6 71.Rd8 c4
72.Rb8+ Ka4 73.Rc8 Kb3 74.Rb8+ Kc2 75.Rc8 c3 76.Rc7 Kb2 77.Rb7+ Kc1 78.Rc7 c2
79.Rc8 Rb6 80.Ke3 Kb2  0-1

[Event "Frauenbundesliga 1st Div 2010-11"]
[Site "Germany GER"]
[Date "2010.12.05"]
[Round "4.4"]
[White "Zhang,F"]
[Black "Winkelmann,E"]
[Result "1/2-1/2"]
[WhiteElo "2081"]
[BlackElo "2106"]

1.d4 d5 2.c4 c6 3.Nc3 Nf6 4.Nf3 a6 5.cxd5 cxd5 6.Bf4 Nc6 7.e3 Bg4 8.h3 Bxf3
9.Qxf3 e6 10.a3 Bd6 11.Bd3 b5 12.O-O O-O 13.Bg5 Be7 14.Rfc1 Na5 15.Qd1 Nd7
16.Bf4 Nc4 17.Qe2 Qb6 18.a4 Bb4 19.b3 Bxc3 20.Rxc3 e5 21.bxc4 exf4 22.cxd5 Qd6
23.e4 Qb4 24.Rca3 Qxd4 25.axb5 Nc5 26.bxa6 Rfe8 27.Rd1 Qb4 28.Raa1 Nxe4 29.Bxe4 Rxe4
30.Qd3 Re7 31.Qa3 Qxa3 32.Rxa3 Rd7 33.d6 Kf8 34.a7 Ke8 35.Rd4 Raxa7 36.Rb3 Rd8
37.Rb6 g5 38.Re4+ Kf8 39.Kf1 Rad7 40.Rd4 Kg7 41.Ke2 Kf6 42.Kd3 Ke6 43.Re4+ Kf6
44.Rd4 Ke6 45.h4 h6 46.Re4+ Kf6 47.hxg5+ hxg5 48.Rd4 Ke6 49.Re4+ Kf6 50.Rd4 Ke6
51.Re4+ Kf6  1/2-1/2

[Event "17th Open A"]
[Site "Zadar CRO"]
[Date "2010.12.12"]
[Round "1.19"]
[White "Cebalo,M"]
[Black "Paljusaj,E"]
[Result "1/2-1/2"]
[WhiteElo "2495"]
[BlackElo "2316"]

1.d4 d5 2.c4 c6 3.Nf3 Nf6 4.Nc3 a6 5.c5 Nbd7 6.Bf4 g6 7.e3 Bg7 8.Be2 O-O
9.O-O Ne8 10.Qb3 Nc7 11.Rad1 Re8 12.Na4 e5 13.dxe5 Ne6 14.Qc2 Qe7 15.b4 Nxf4
16.exf4 f6 17.exf6 Qxf6 18.g3 Nf8 19.Rd2 Bf5 20.Bd3 Bxd3 21.Qxd3 Re4 22.a3 h6
23.Ne5 Ne6 24.Nb6 Rd8 25.Rfd1 g5 26.Nbd7 Qe7 27.f3 Rd4 28.Qf5 Rxd2 29.Rxd2 gxf4
30.Kg2 fxg3 31.hxg3 Nf8 32.Nxf8 Rxf8 33.Ng6 Qe3 34.Nxf8 Qxd2+ 35.Kh3 Bxf8
36.Qe6+ Kh7 37.Qf7+ Bg7 38.Qf5+ Kg8 39.Qe6+ Kh8 40.Qc8+ Kh7 41.Qf5+  1/2-1/2

[Event "17th Open A"]
[Site "Zadar CRO"]
[Date "2010.12.16"]
[Round "7.15"]
[White "Lekic,Du"]
[Black "Bodiroga,P"]
[Result "1/2-1/2"]
[WhiteElo "2378"]
[BlackElo "2399"]

1.d4 d5 2.c4 c6 3.Nc3 Nf6 4.Nf3 a6 5.e3 b5 6.b3 Bg4 7.h3 Bxf3 8.Qxf3 e5 9.dxe5 Bb4
10.Bd2 Bxc3 11.Bxc3 Ne4 12.Bb4 c5 13.Rd1 Ng5 14.Qg3 cxb4 15.h4 Ne4 16.Qxg7 Rf8
17.Rxd5 Qe7 18.cxb5 Nc3 19.Rd6 axb5 20.Bd3 Ra6 21.Rxa6 Nxa6 22.Bxh7 Nc5 23.Qg4 Qxe5
24.Qxb4 Rh8 25.Bc2 Nxa2 26.Qxb5+ Ke7 27.Qc4 Rb8 28.Bd1 Rb4 29.Qc2 Nc3 30.h5 Nxd1
31.Qxd1 Qc3+ 32.Kf1 Rxb3 33.g3 Ne4 34.Rh4 f5 35.Rf4 Qc6 36.Kg1 Rc3 37.Qd4 Rc1+
38.Kh2 Nf6 39.e4 Ng4+ 40.Kg2 Nh6 41.Qe5+ Kf7 42.g4 Qc4 43.Qd5+ Qxd5 44.exd5 Kf6
45.gxf5  1/2-1/2

[Event "29th European Blitz"]
[Site "Warsaw POL"]
[Date "2010.12.17"]
[Round "3"]
[White "Korobov,A"]
[Black "Bagrationi,A"]
[Result "1-0"]
[WhiteElo "2684"]
[BlackElo "2460"]

1.d4 d5 2.c4 c6 3.Nc3 Nf6 4.Nf3 a6 5.c5 g6 6.Bg5 Ne4 7.Bh4 Bg7 8.e3 Qa5 9.Bd3 Nxc3
10.Qd2 Nd7 11.Qxc3 Qxc3+ 12.bxc3 e5 13.Nd2 exd4 14.exd4 O-O 15.Rb1 Re8+ 16.Kd1 b5
17.Kc2 Nf8 18.Rhe1 Bd7 19.Rxe8 Rxe8 20.a4 Ne6 21.Bg3 Ra8 22.Bd6 Bf8 23.Bxf8 Kxf8
24.Ra1 Rb8 25.axb5 axb5 26.Ra7 Ke8 27.g3 Kd8 28.Nb3 Nc7 29.Na5 Kc8 30.Kd2 Ra8
31.Rxa8+ Nxa8 32.Ke3 f6 33.h4 Nc7 34.f3 Be8 35.g4 Ne6 36.f4 Kc7 37.g5 f5
38.Nb3 Nd8 39.Nd2 Nf7 40.h5 Nd8 41.h6 Nf7 42.Nf3 Bd7 43.Nh4 Be6 44.Kd2 Kb7
45.Kc2 Ka6 46.Kb3 Ka5 47.Ka3 Bd7 48.Nf3 Be6 49.Nd2 Bd7 50.Nb3+ Ka6 51.Kb4 Be8
52.Nd2 Bd7 53.Nf3 Be6 54.Ne1 Bd7 55.Kb3 Ka5 56.Ka3 Be8 57.Bf1 Bd7 58.Nd3 Be8
59.Nb4 Bd7 60.Bg2 Nd8 61.Nd3 Nf7 62.Kb3 Be8 63.Nb4 Bd7 64.Nxd5 cxd5 65.Bxd5 Be8
66.Bf3 Nd8 67.d5 Bf7 68.c4 Nc6 69.Kc3 Nb4 70.d6 Na6  1-0

[Event "29th European Blitz"]
[Site "Warsaw POL"]
[Date "2010.12.17"]
[Round "4"]
[White "Korobov,A"]
[Black "Bagrationi,A"]
[Result "1-0"]
[WhiteElo "2684"]
[BlackElo "2460"]

1.d4 d5 2.c4 c6 3.Nc3 Nf6 4.Nf3 a6 5.c5 g6 6.Bg5 Ne4 7.Bh4 Bg7 8.e3 Qa5 9.Bd3 Nxc3
10.Qd2 Nd7 11.Qxc3 Qxc3+ 12.bxc3 e5 13.Nd2 exd4 14.exd4 O-O 15.Rb1 Re8+ 16.Kd1 b5
17.Kc2 Nf8 18.Rhe1 Bd7 19.Rxe8 Rxe8 20.a4 Ne6 21.Bg3 Ra8 22.Bd6 Bf8 23.Bxf8 Kxf8
24.Ra1 Rb8 25.axb5 axb5 26.Ra7 Ke8 27.g3 Kd8 28.Nb3 Nc7 29.Na5 Kc8 30.Kd2 Ra8
31.Rxa8+ Nxa8 32.Ke3 f6 33.h4 Nc7 34.f3 Be8 35.g4 Ne6 36.f4 Kc7 37.g5 f5
38.Nb3 Nd8 39.Nd2 Nf7 40.h5 Nd8 41.h6 Nf7 42.Nf3 Bd7 43.Nh4 Be6 44.Kd2 Kb7
45.Kc2 Ka6 46.Kb3 Ka5 47.Ka3 Bd7 48.Nf3 Be6 49.Nd2 Bd7 50.Nb3+ Ka6 51.Kb4 Be8
52.Nd2 Bd7 53.Nf3 Be6 54.Ne1 Bd7 55.Kb3 Ka5 56.Ka3 Be8 57.Bf1 Bd7 58.Nd3 Be8
59.Nb4 Bd7 60.Bg2 Nd8 61.Nd3 Nf7 62.Kb3 Be8 63.Nb4 Bd7 64.Nxd5 cxd5 65.Bxd5 Be8
66.Bf3 Nd8 67.d5 Bf7 68.c4  1-0

[Event "XX GM"]
[Site "Elgoibar ESP"]
[Date "2010.12.18"]
[Round "5.3"]
[White "Mirzoev,A"]
[Black "Huerga Leache,M"]
[Result "1/2-1/2"]
[WhiteElo "2546"]
[BlackElo "2415"]

1.d4 d5 2.c4 c6 3.Nc3 Nf6 4.Nf3 a6 5.Qb3 e6 6.Bg5 dxc4 7.Qxc4 b5 8.Qd3 c5
9.Bxf6 gxf6 10.Qe4 Ra7 11.dxc5 Bxc5 12.e3 Be7 13.Be2 O-O 14.O-O Bb7 15.Qf4 Qd6
16.Qh6 Bxf3 17.Bxf3 Qe5 18.Ne2 Qg5 19.Qh3 f5 20.a4 bxa4 21.Rxa4 Nd7 22.Nd4 Ne5
23.Be2 Qg7 24.Rxa6 Rxa6 25.Bxa6 Rb8 26.Rb1 Bc5 27.Bf1 f4 28.Rc1 Nd7 29.b3 fxe3
30.fxe3 Bxd4  1/2-1/2

[Event "Rilton Cup 2010-11"]
[Site "Stockholm SWE"]
[Date "2011.01.03"]
[Round "7"]
[White "Pettersson,An"]
[Black "Hobber,A"]
[Result "1/2-1/2"]
[WhiteElo "2127"]
[BlackElo "2196"]

1.d4 d5 2.c4 c6 3.Nf3 Nf6 4.Nc3 a6 5.Ne5 dxc4 6.a4 Bf5 7.f3 a5 8.e4 Be6 9.b3 Nfd7
10.Nxd7 Bxd7 11.Bxc4 g6 12.Be3 Bg7 13.Qd2 O-O 14.Bh6 Bxh6 15.Qxh6 Qb6 16.Ne2 Qb4+
17.Kf2 e5 18.h4 Qe7 19.Qg5 Re8 20.Qe3 Na6 21.h5 g5 22.h6 Kf8 23.Rad1 b5 24.axb5 cxb5
25.Bd5 Rad8 26.dxe5 Qc5 27.Nd4 Rxe5 28.Rd2 Qe7 29.Qc3 b4 30.Qa1 Qc5 31.Rc1 Qb6
32.Kf1 f6 33.Rcd1 g4 34.f4 Rh5 35.Kf2 Nc7 36.Kg3 Nxd5 37.exd5 Rxd5 38.Ne6+ Qxe6
39.Rxd5 Qe3+ 40.Kh2 Qxf4+ 41.Kg1 Qe3+  1/2-1/2

[Event "1st HDBank Cup"]
[Site "Ho Chi Minh City VIE"]
[Date "2011.01.04"]
[Round "1.2"]
[White "Pham Le Thao Nguyen"]
[Black "Nguyen Ngoc Truong Son"]
[Result "1/2-1/2"]
[WhiteElo "2343"]
[BlackElo "2628"]

1.d4 d5 2.c4 c6 3.Nc3 Nf6 4.Nf3 a6 5.Ne5 Nbd7 6.Nxd7 Bxd7 7.Qb3 e6 8.Qxb7 Rb8
9.Qxa6 Ra8 10.Qb7 Rb8 11.Qa6 Ra8 12.Qb7 Rb8 13.Qa6 Ra8 14.Qb7 Rb8 15.Qa6  1/2-1/2